000
00283 a2200121 4500
001
146792
040
_c
Escola São Tomás de Aquino
100
_a
BANDEIRA, Pedro
240
1
0
_a
A mentira cabeluda
_l
por
245
1
0
_a
A mentira cabeluda
697
_a
*LITERATURA INFANTO
942
_c
BK
999
_c
146792
_d
146792